000
00344nam a2200157Ia 4500
008
221030s9999 xx 000 0 und d
020
_a
0074516817
041
_a
English
082
_a
105.23
_b
Iye
100
_a
T. S. K. V. Iyer
245
0
_a
Circuit Theory
260
_b
TMH
_a
New Delhi
_c
1985
300
_a
520
650
_a
EE
942
_c
BK
999
_c
1385
_d
1385